[Event "43rd Guernsey Festival 2017"]
[Site "Vale"]
[Date "2017.10.19"]
[Round "5"]
[White "Havenaar, Jan"]
[Black "Maloberti, David"]
[Result "1/2-1/2"]
[WhiteElo "2030"]
[BlackElo "2132"]
[Annotator "TA"]
[PlyCount "120"]
[EventDate "2017.??.??"]
[EventType "swiss"]
[EventCountry "GCI"]
[SourceTitle "playchess.com"]
[Source "ChessBase"]
[SourceQuality "1"]

{[%evp 9,120,4,10,-70,-52,-62,-60,-35,-28,-75,-60,-64,-56,-64,-64,-101,-100,-150,-109,-146,-151,-186,-185,-172,-170,-205,-173,-175,-171,-157,-159,-162,-142,-235,-220,-253,-243,-249,-261,-272,-229,-214,-213,-220,-190,-308,-230,-273,-278,-352,-370,-512,-476,-648,-637,-29993,-1597,-1093,-1086,-29993,-29994,-29994,0,0,0,0,0,0,0,0,45,49,138,140,270,234,386,360,215,77,80,80,238,62,270,7,7,0,0,10,270,0,0,0,0,0,0,0,0,0,0,0,0,0,0,0,0,0,0,0,0,0,29984]} 1. e4 e6 2. d4 d5 3. Nc3 Bb4 4. Nge2 Nf6 5. Bg5 Be7 (5... dxe4 6. a3 Be7 7. Bxf6 Bxf6 8. Nxe4 e5 9. g3 O-O 10. Bg2 exd4 11. Nxf6+ Qxf6 12. Qxd4 Qe7 13. Qb4 c5 14. Qe4 Qxe4 15. Bxe4 Nd7 16. O-O-O {0-1 (56) Solodovnichenko,Y (2576)-David,A (2548) Chartres 2017}) 6. Qd3 $146 {C12: Französische Verteidigung (MacCutcheon-Variante)} ({Günstiger ist} 6. e5 $11 Nfd7 7. Bxe7 Qxe7 8. Nf4) ({Vorgänger:} 6. e5 Ng8 7. h4 Bxg5 8. hxg5 Qxg5 9. Qd3 Nh6 10. Nb5 Qe7 11. Qc3 Nc6 12. Nf4 a6 13. Na3 {½-½ (49) Garcia,G (2169)-Yano,W (2076) Goiania 2016}) 6... Nxe4 $15 7. Bxe7 Qxe7 8. Nxe4 {Schwarz steht etwas besser.} dxe4 9. Qc3 O-O 10. Ng3 f5 11. O-O-O Nc6 12. Bc4 Nb4 13. Rhe1 Nd5 14. Bxd5 exd5 15. Qb3 c6 16. f3 {beabsichtigt fxe4.} Be6 17. f4 Qc7 18. Ne2 b5 {[%cal Bb7b5,Bb5b4][%mdl 32]} 19. Kb1 a5 {[%cal Ba7a5,Ba5a4,Ba4b3][%mdl 32]} 20. Qe3 b4 21. Rc1 (21. Nc1 $17) 21... Rfb8 22. Red1 Bc8 23. Ng3 a4 24. Qf2 b3 25. cxb3 axb3 26. a3 Ba6 27. Nxf5 (27. Rc3 $142) 27... Bd3+ 28. Rxd3 exd3 29. Qe3 Re8 30. Qxd3 Qxf4 31. g3 Qf2 {Und ...Txa3! würde nun gewinnen.} 32. Nh4 {[#]} Re3 (32... Rxa3 $142 $1 {[%mdl 512]} 33. Rd1 (33. bxa3 Qa2#) 33... Ra1+ $1 {[%mdl 512]} 34. Kxa1 Qc2 35. Qxc2 bxc2 36. Rd3 c1=Q+ 37. Ka2 Qc4+ 38. Rb3 Re3 39. Kb1 Qxb3 40. Ng2 Re2 41. h4 Qxb2#) 33. Qf5 Rf8 34. Qd7 Re2 35. Ka1 {[#]} Rxb2 $2 (35... Qf1 $1 {[%mdl 512] setzt Matt} 36. Qxc6 (36. Rxf1 Rxf1#) 36... Re1 37. Kb1 Rxc1+ 38. Qxc1 Qd3+ 39. Ka1 Rf1 40. h3 Rxc1#) 36. Qe6+ $11 Kh8 {[#]} 37. Ng6+ $1 {[%mdl 512]} hxg6 38. Qh3+ Kg8 {( -> ...Ta2+)} 39. Qe6+ Qf7 (39... Rf7 {feels hotter.} 40. Qc8+ Kh7 41. Qh3+ Kg8 42. Qc8+) 40. Qxf7+ Rxf7 ({Besser ist} 40... Kxf7 $14 41. Kxb2 Rc8) 41. Kxb2 $14 {[%mdl 4096] Endspiel KT-KT} Rf2+ (41... Rc7 $16 {war einen Versuch wert.} 42. Rf1 (42. Kxb3 Kf7 $16) 42... Rb7) 42. Kxb3 $18 Rxh2 $2 (42... Rd2 43. a4 (43. Rxc6 Rxd4 44. a4 Rd1 $18) 43... Rd3+ 44. Rc3 Rxd4) 43. Rxc6 Rd2 (43... Rh3 $142 44. a4 (44. Rxg6 Kf7 $16) 44... Rxg3+ 45. Kb4 Rg2) 44. Kc3 ({Nicht} 44. Rxg6 Rd3+ 45. Kb4 Rxd4+ 46. Kb5 Kf7 $11) (44. a4 $18 {bietet bessere Gewinnchancen.}) 44... Ra2 $16 45. Kb4 ({Viel schwächer wäre} 45. Rxg6 Rxa3+ 46. Kb4 Rd3 $11) 45... Rd2 $2 {[#]} (45... Rb2+ $16 {ist wohl besser.} 46. Kc5 Ra2) 46. Kc5 $2 ({Schwächer ist} 46. Rxg6 Rxd4+ 47. Kc3 Rc4+ 48. Kb3 Kf7 $11) (46. a4 $1 $18) 46... Rd3 $2 (46... Ra2 $1 $14) 47. Rxg6 $2 ({Weiss kommt nicht vorbei an} 47. a4 $18) 47... Rxa3 $11 48. Kxd5 Kf7 49. Rg4 g5 $2 {[%mdl 8192] [#]} (49... Kf6 $1 $11 {und Schwarz steht sicher.}) 50. Kd6 $2 ({Weiss braucht} 50. Ke5 $1 $18) 50... Kf6 {Die Stellung ist ausgeglichen.} 51. d5 {[%cal Bd4d5,Bd5d6][%mdl 32]} Kf5 52. Rd4 {Und weiter mit g4+ wäre nett.} Rxg3 53. Ke7 Ra3 54. d6 g4 55. d7 Ra8 56. Rc4 g3 57. Rc8 Ra7 58. Kd6 {Beabsichtigt Tf8+ und Matt.} Rxd7+ $1 59. Kxd7 Kf4 60. Rg8 Ke4 $2 {[%mdl 40960] Precision: Weiß = 34%, Schwarz = 41%. . An unexpected result.} (60... Kf3 $11) 1/2-1/2

[Event "43rd Guernsey Festival 2017"]
[Site "Vale"]
[Date "2017.10.19"]
[Round "5"]
[White "Goman, Martin J"]
[Black "Dennis, Nigel W"]
[Result "0-1"]
[WhiteElo "2001"]
[BlackElo "1785"]
[Annotator "NA RC"]
[PlyCount "22"]
[EventDate "2017.??.??"]
[EventType "swiss"]
[EventCountry "GCI"]
[SourceTitle "playchess.com"]
[Source "ChessBase"]
[SourceQuality "1"]
[TimeControl "40/6000+30:2400+30"]

{[%evp 16,22,20,-7,17,8,16,-2,-7]} 1. d4 {[%emt 0:00:00]} Nf6 {[%emt 0:00:07]} 2. Nf3 {[%emt 0:02:07]} g6 {[%emt 0:00:17]} 3. Nc3 {[%emt 0:04:06]} Bg7 {[%emt 0:00:07]} 4. e4 {[%emt 0:00:44]} d6 {[%emt 0:00:08]} 5. Be3 {[%emt 0:00:29]} O-O {[%emt 0:00:25]} 6. h3 {[%emt 0:07:14]} e5 {[%emt 0:00:49]} 7. dxe5 {[%emt 0:14:46]} dxe5 {[%emt 0:00:12]} 8. Bd3 {[%emt 0:01:30]} Nc6 {[%emt 0:06:51]} 9. a3 {[%emt 0:11:22]} a6 {[%emt 0:00:22]} 10. Qd2 {[%emt 0:01:02]} b5 {[%emt 0:02:37]} 11. Bh6 {[%emt 0:05:39]} Bb7 $11 {[%emt 0:00:37]} 0-1

[Event "43rd Guernsey Festival 2017"]
[Site "Vale"]
[Date "2017.10.19"]
[Round "5"]
[White "Fassaert, Desire"]
[Black "Hamperl, Fred"]
[Result "1/2-1/2"]
[WhiteElo "1923"]
[BlackElo "2062"]
[Annotator "NA RC"]
[PlyCount "62"]
[EventDate "2017.??.??"]
[EventType "swiss"]
[EventCountry "GCI"]
[SourceTitle "playchess.com"]
[Source "ChessBase"]
[SourceQuality "1"]
[TimeControl "40/6000+30:2400+30"]

{[%evp 17,62,36,61,50,87,80,136,131,155,83,94,72,96,91,111,103,121,32767,32767,118,32767,32767,122,32767,32767,37,32767,32767,25,13,36,8,24,22,68,-3,0,0,70,75,482,32767,32767,32767,33,48,37]} 1. c4 {[%emt 0:00:00]} e5 {[%emt 0:01:16]} 2. Nc3 {[%emt 0:00:00]} Nc6 {[%emt 0:01:24]} 3. g3 {[%emt 0:00:20]} f5 {[%emt 0:00:51]} 4. Bg2 {[%emt 0:00:32]} Nf6 {[%emt 0:00:25]} 5. e3 {[%emt 0:01:17]} Be7 {[%emt 0:01:15]} 6. Nge2 {[%emt 0:02:17]} O-O {[%emt 0:01:08]} 7. O-O {[%emt 0:00:27]} Qe8 {[%emt 0:04:01]} 8. d4 {[%emt 0:06:46]} d6 {[%emt 0:00:29]} 9. b3 {[%emt 0:19:00]} Bd7 {[%emt 0:10:34] A21: English Opening: 1...e5 2 Nc3} (9... Qh5 10. f4 e4 11. a3 Bd7 12. d5 Nd8 13. Nd4 Qf7 14. Bb2 h6 15. Rc1 Ne8 16. h3 Kh7 17. Kh2 {½-½ (85) Jahr,D (2036)-Ljubarskij,J (2341) Davos 2006}) 10. Bb2 {[%emt 0:03:03]} a6 {[%emt 0:14:52]} 11. Qd2 $146 {[%emt 0:13:31]} ({Predecessor:} 11. dxe5 dxe5 12. Nd5 Rc8 13. Nec3 Bd6 14. Nxf6+ Rxf6 15. Qe2 Rh6 16. Rad1 Qf8 17. c5 Bxc5 18. Rxd7 {1-0 (73) Wisckol,R-Skidmore,J Flint 1993}) 11... Qh5 {[%emt 0:10:08] [#]} ({Black should try} 11... Bd8 $14) 12. Nd5 $1 {[%emt 0:02:40]} Bd8 {[%emt 0:01:19]} ({But not} 12... Ng4 $2 13. h3 $18) 13. Rad1 {[%emt 0:11:47]} (13. Nxf6+ $142 Bxf6 14. dxe5 Nxe5 15. Bxe5 (15. Bxb7 Nf3+ 16. Bxf3 Qxf3 $16) 15... Bxe5 16. Bxb7) 13... e4 ({Avoid the trap} 13... Ng4 $2 14. h3 $18) 14. Nef4 {[%emt 0:05:22]} Qh6 {[%emt 0:12:43]} 15. Nxf6+ {[%emt 0:11:56]} Qxf6 {[%emt 0:04:50]} 16. f3 {[%emt 0:11:03]} exf3 {[%emt 0:03:02]} 17. Bxf3 {[%emt 0:00:09]} Qh6 {[%emt 0:01:08]} 18. Rde1 {[%emt 0:11:52]} Rb8 {[%emt 0:01:45]} 19. Qc3 {[%emt 0:03:34]} Re8 {[%emt 0:04:27]} 20. Nd5 {[%emt 0:02:18]} Ne7 {[%emt 0:02:51]} 21. Bg2 {[%emt 0:01:09]} Nxd5 {[%emt 0:02:28]} 22. Bxd5+ {[%emt 0:00:09]} Kh8 {[%emt 0:00:22]} 23. Bg2 {[%emt 0:00:35]} b5 {[%emt 0:05:14]} 24. c5 {[%emt 0:00:23]} b4 {[%emt 0:02:45]} 25. Qd2 {[%emt 0:01:32]} Bg5 {[%emt 0:06:55]} 26. Bc1 {[%emt 0:00:07]} (26. c6 $5 {[%cal Rc6d7]} Bc8 27. d5 $14) 26... dxc5 {[%emt 0:02:56]} 27. dxc5 {[%emt 0:00:11]} Rbd8 {[%emt 0:01:57]} (27... Red8 $11) 28. Qxb4 {[%emt 0:00:37]} Bxe3+ $2 {[%emt 0:00:50]} (28... Qe6 $16 {is more resistant.}) 29. Bxe3 {[%emt 0:00:08]} Rxe3 {[%emt 0:00:11]} 30. Qf4 {[%emt 0:00:39]} Qxf4 {[%emt 0:02:17]} 31. gxf4 {[%emt 0:00:06]} Ree8 $14 {[%emt 0:07:52]} 1/2-1/2

[Event "43rd Guernsey Festival 2017"]
[Site "Vale"]
[Date "2017.10.19"]
[Round "5"]
[White "Turner, Joseph David"]
[Black "Baart, Edwin"]
[Result "1/2-1/2"]
[WhiteElo "1888"]
[BlackElo "1816"]
[Annotator "NA RC"]
[PlyCount "72"]
[EventDate "2017.??.??"]
[EventType "swiss"]
[EventCountry "GCI"]
[SourceTitle "playchess.com"]
[Source "ChessBase"]
[SourceQuality "1"]
[TimeControl "40/6000+30:2400+30"]

1. Nf3 {[%emt 0:00:00]} d5 {[%emt 0:00:16]} 2. g3 {[%emt 0:00:00]} Nf6 {[%emt 0:00:11]} 3. Bg2 {[%emt 0:00:05]} g6 {[%emt 0:00:17]} 4. O-O {[%emt 0:00:08]} Bg7 {[%emt 0:00:05]} 5. d3 {[%emt 0:00:13]} O-O {[%emt 0:00:33]} 6. Nbd2 {[%emt 0:00:05]} Nbd7 {[%emt 0:01:05]} 7. e4 {[%emt 0:03:57]} dxe4 {[%emt 0:03:19]} 8. dxe4 {[%emt 0:00:04]} e5 {[%emt 0:00:26]} 9. Qe2 {[%emt 0:01:25]} Re8 {[%emt 0:01:37] A49: 1 d4 Nf6 2 Nf3 g6 3 g3: Anti-King's Indian systems} (9... c6 10. a4 Qc7 11. Nc4 a5 12. b3 Re8 13. Ba3 Bf8 14. Bxf8 Rxf8 15. Rfd1 b6 16. Qe3 Ba6 17. Bf1 {½-½ (77) Piesik,P (2298)-Shevchenko,K (2438) Katowice 2016}) 10. Rd1 {[%emt 0:00:22]} c6 {[%emt 0:02:56]} 11. Nc4 {[%emt 0:03:21]} Qc7 {[%emt 0:00:49]} 12. Ng5 $146 {[%emt 0:08:52]} ({Predecessor:} 12. Nd6 Re6 13. Nxc8 Rxc8 14. Bg5 h6 15. Bxf6 Bxf6 16. Bh3 Re7 17. Qd2 Kg7 18. Bxd7 Rd8 19. Qe3 Rexd7 20. Rxd7 Qxd7 21. Qxa7 {1-0 (35) Karlik,V (2320)-Svoboda,S (2125) Prievidza 1998}) 12... Nb6 {[%emt 0:13:33]} (12... h6 $11 13. Nxf7 Kxf7 14. Nd6+ Kg8) 13. Nd6 {[%emt 0:04:14]} Rf8 {[%emt 0:00:51]} 14. Be3 {[%emt 0:10:22]} Ne8 {[%emt 0:09:44] [#]} (14... Bg4 $14 15. f3 Bd7) 15. Ngxf7 $1 {[%emt 0:05:21]} Nxd6 {[%emt 0:10:31]} 16. Nxd6 {[%emt 0:00:43]} Be6 {[%emt 0:00:06] [#]} 17. c4 $1 {[%emt 0:21:18]} Rad8 {[%emt 0:12:21]} 18. c5 {[%emt 0:01:53]} Nd7 {[%emt 0:00:24]} 19. b4 {[%emt 0:02:58]} Nf6 {[%emt 0:06:24]} 20. h3 {[%emt 0:07:00]} Ne8 {[%emt 0:03:17]} 21. Nxe8 {[%emt 0:04:13]} Rfxe8 {[%emt 0:01:35]} 22. Qc2 {[%emt 0:02:23]} Qc8 {[%emt 0:00:55]} 23. Kh2 {[%emt 0:01:12]} Rxd1 {[%emt 0:01:58]} 24. Rxd1 {[%emt 0:00:15]} Rd8 {[%emt 0:00:35]} 25. Rxd8+ {[%emt 0:00:56]} Qxd8 {[%emt 0:00:05]} 26. Bf1 {[%emt 0:00:18]} Kf8 {[%emt 0:00:34]} 27. a4 {[%emt 0:04:22]} a6 {[%emt 0:03:19]} 28. Bc4 {[%emt 0:02:38]} Qd7 {[%emt 0:04:16]} 29. h4 {[%emt 0:01:00]} Bf6 {[%emt 0:00:25]} 30. Qb3 {[%emt 0:02:17]} Bxc4 {[%emt 0:01:26]} 31. Qxc4 {[%emt 0:00:03]} Qg4 {[%emt 0:04:29]} 32. Bh6+ {[%emt 0:08:30]} Ke7 $2 {[%emt 0:03:35]} (32... Bg7) 33. Be3 $11 {[%emt 0:04:10]} (33. Qg8 $18 Bxh4 34. Bf8+ Kd7 35. Qxh7+ (35. gxh4 Qxh4+ 36. Kg1 Qg4+ 37. Kf1 Qd1+ 38. Kg2 Qg4+ 39. Kf1 Qd1+ 40. Kg2 Qg4+ 41. Kf1 $11) 35... Ke8 36. Bd6 (36. gxh4 Qf4+ 37. Kh3 Qf3+ 38. Kh2 Qxf2+ 39. Kh1 Qe1+ 40. Kg2 Qxe4+ 41. Kg3 Qd3+ 42. Kg4 Kxf8 $11)) 33... Bxh4 {[%emt 0:02:50]} 34. gxh4 {[%emt 0:01:09]} Qxh4+ {[%emt 0:00:05]} 35. Kg2 {[%emt 0:01:23]} Qg4+ {[%emt 0:00:07]} 36. Kh1 Qh3+ 1/2-1/2

[Event "43rd Guernsey Festival 2017"]
[Site "Vale"]
[Date "2017.10.19"]
[Round "5"]
[White "Bateman, Kerry"]
[Black "Ruigrok, Jacques"]
[Result "1/2-1/2"]
[WhiteElo "1764"]
[BlackElo "1679"]
[Annotator "NA RC"]
[PlyCount "100"]
[EventDate "2017.??.??"]
[EventType "swiss"]
[EventCountry "GCI"]
[SourceTitle "playchess.com"]
[Source "ChessBase"]
[SourceQuality "1"]
[TimeControl "40/6000+30:2400+30"]

1. e4 {[%emt 0:00:00]} e5 {[%emt 0:00:15]} 2. Nf3 {[%emt 0:00:00]} Nc6 {[%emt 0:00:11]} 3. Bc4 {[%emt 0:00:00]} Nf6 {[%emt 0:00:11]} 4. d3 {[%emt 0:00:25]} Be7 {[%emt 0:00:35]} 5. O-O {[%emt 0:01:35]} d6 {[%emt 0:00:38]} 6. Be3 {[%emt 0:03:14]} Bg4 {[%emt 0:03:26]} 7. h3 {[%emt 0:04:22]} Bxf3 {[%emt 0:02:41]} 8. Qxf3 {[%emt 0:01:23]} Na5 {[%emt 0:07:54]} 9. Bb3 {[%emt 0:06:35]} Nxb3 {[%emt 0:02:12]} 10. axb3 {[%emt 0:00:13]} a6 {[%emt 0:00:53]} 11. Nc3 {[%emt 0:02:46]} O-O {[%emt 0:02:45]} 12. g4 {[%emt 0:07:45]} h6 {[%emt 0:10:02]} 13. Qg2 {[%emt 0:03:01]} g5 {[%emt 0:08:16]} 14. Ne2 {[%emt 0:00:41]} d5 {[%emt 0:05:13]} 15. Rad1 {[%emt 0:06:57]} c6 {[%emt 0:04:03]} 16. Ng3 {[%emt 0:00:35]} Kh7 {[%emt 0:05:36]} 17. Nf5 {[%emt 0:00:29]} Rg8 {[%emt 0:02:13]} 18. f3 {[%emt 0:02:06]} Ne8 {[%emt 0:05:10]} 19. Qf2 {[%emt 0:03:06]} d4 {[%emt 0:02:31]} 20. Bc1 {[%emt 0:00:10]} Ng7 {[%emt 0:01:15]} 21. Ng3 {[%emt 0:02:53]} Ne6 {[%emt 0:01:28]} 22. Kg2 {[%emt 0:05:57]} Nf4+ {[%emt 0:08:34]} 23. Bxf4 {[%emt 0:00:23]} gxf4 {[%emt 0:00:24]} 24. Nf5 {[%emt 0:00:52]} Rg6 {[%emt 0:04:20]} 25. Rh1 {[%emt 0:00:41]} Qd7 {[%emt 0:01:54]} 26. Rdg1 {[%emt 0:03:27]} Rag8 {[%emt 0:04:51]} 27. Kf1 {[%emt 0:00:28]} Qd8 {[%emt 0:04:39]} 28. Qd2 {[%emt 0:04:31]} Bf8 {[%emt 0:01:37]} 29. Ke2 {[%emt 0:01:45]} Qb6 {[%emt 0:00:35]} 30. Ra1 {[%emt 0:00:43]} Bb4 {[%emt 0:03:44]} 31. c3 {[%emt 0:05:19]} dxc3 {[%emt 0:00:45]} 32. bxc3 {[%emt 0:00:44]} Bd6 {[%emt 0:02:17]} 33. Rhc1 {[%emt 0:08:32]} Rd8 {[%emt 0:00:50]} 34. b4 {[%emt 0:02:53]} Rgg8 {[%emt 0:03:29]} 35. Rc2 {[%emt 0:03:41]} Rd7 {[%emt 0:00:57]} 36. Rb2 {[%emt 0:04:09]} Rgd8 {[%emt 0:01:18]} 37. Qe1 {[%emt 0:02:52]} Be7 {[%emt 0:02:40]} 38. Rd2 {[%emt 0:05:20]} Bf8 {[%emt 0:03:27]} 39. Qh4 {[%emt 0:05:12]} Rd6 {[%emt 0:03:25]} 40. Rad1 {[%emt 0:08:36]} Rg6 {[%emt 0:42:08]} 41. d4 {[%emt 0:44:27]} Rd7 {[%emt 0:01:02]} 42. Qf2 {[%emt 0:00:00]} Qb5+ {[%emt 0:00:00]} 43. Ke1 {[%emt 0:00:00]} Qc4 {[%emt 0:00:00]} 44. Rc2 {[%emt 0:00:00]} exd4 {[%emt 0:00:00]} 45. Rxd4 {[%emt 0:00:00]} Rxd4 {[%emt 0:00:00]} 46. Nxd4 {[%emt 0:00:00]} c5 {[%emt 0:00:00]} 47. bxc5 {[%emt 0:00:00]} Bxc5 {[%emt 0:00:00]} 48. Qe2 {[%emt 0:00:00]} Qa4 {[%emt 0:00:00]} 49. Nf5 {[%emt 0:00:00]} Qa1+ {[%emt 0:00:00]} 50. Qd1 {[%emt 0:00:00]} Qxd1+ 1/2-1/2

[Event "43rd Guernsey Festival 2017"]
[Site "Vale"]
[Date "2017.10.19"]
[Round "5"]
[White "Goris-Schouwstra, Adry"]
[Black "Foran, Barry"]
[Result "1-0"]
[WhiteElo "1754"]
[BlackElo "1636"]
[Annotator "NA RC"]
[PlyCount "23"]
[EventDate "2017.??.??"]
[EventType "swiss"]
[EventCountry "GCI"]
[SourceTitle "playchess.com"]
[Source "ChessBase"]
[SourceQuality "1"]
[TimeControl "40/6000+30:2400+30"]

1. d4 d5 2. Nf3 Nf6 3. e3 Bg4 4. Be2 e6 5. Nbd2 Be7 6. h3 Bf5 7. O-O O-O 8. c4 Nbd7 9. a3 c5 10. cxd5 exd5 11. dxc5 Bxc5 12. b4 1-0

[Event "43rd Guernsey Festival 2017"]
[Site "Vale"]
[Date "2017.10.19"]
[Round "5"]
[White "Kershaw, Graham"]
[Black "Hoogakker, Peter"]
[Result "1/2-1/2"]
[WhiteElo "1712"]
[BlackElo "1769"]
[Annotator "NA RC"]
[PlyCount "76"]
[EventDate "2017.??.??"]
[EventType "swiss"]
[EventCountry "GCI"]
[SourceTitle "playchess.com"]
[Source "ChessBase"]
[SourceQuality "1"]
[TimeControl "40/6000+30:2400+30"]

1. e4 {[%emt 0:00:00]} d6 {[%emt 0:00:02]} 2. d4 {[%emt 0:00:00]} Nf6 {[%emt 0:00:04]} 3. Nd2 {[%emt 0:02:19]} e5 {[%emt 0:01:38]} 4. d5 {[%emt 0:01:38]} c6 {[%emt 0:02:21]} 5. c4 {[%emt 0:00:28]} Nbd7 {[%emt 0:01:59]} 6. h3 {[%emt 0:06:00]} Qa5 {[%emt 0:01:10]} 7. Ngf3 {[%emt 0:04:45]} Nxe4 {[%emt 0:04:55]} 8. a3 {[%emt 0:00:13]} cxd5 {[%emt 0:07:35]} 9. b4 {[%emt 0:00:59]} Qb6 {[%emt 0:05:16]} 10. c5 {[%emt 0:08:59]} dxc5 {[%emt 0:02:54]} 11. Nxe4 {[%emt 0:20:05]} dxe4 {[%emt 0:00:11]} 12. Ng5 {[%emt 0:00:24]} Be7 {[%emt 0:11:30]} 13. Nxe4 {[%emt 0:12:52]} cxb4 {[%emt 0:06:32]} 14. Be3 {[%emt 0:01:44]} Qg6 {[%emt 0:04:15]} 15. Qd5 {[%emt 0:05:52]} O-O {[%emt 0:09:08]} 16. Bd3 {[%emt 0:01:11]} Qc6 {[%emt 0:11:38]} 17. Qa2 {[%emt 0:07:51]} Nf6 {[%emt 0:05:36]} 18. Rc1 {[%emt 0:00:35]} Qa4 {[%emt 0:03:14]} 19. Rc7 {[%emt 0:11:06]} b3 {[%emt 0:04:15]} 20. Qb1 {[%emt 0:01:23]} Nxe4 {[%emt 0:01:21]} 21. Rxe7 {[%emt 0:07:53]} Qa5+ {[%emt 0:00:18]} 22. Kf1 {[%emt 0:00:39]} Qxa3 {[%emt 0:05:58]} 23. Rxe5 {[%emt 0:00:48]} Nf6 {[%emt 0:02:38]} 24. Bc5 {[%emt 0:04:19]} Qa2 {[%emt 0:01:06]} 25. Bxf8 {[%emt 0:00:12]} Qxb1+ {[%emt 0:02:18]} 26. Bxb1 {[%emt 0:00:02]} Kxf8 {[%emt 0:00:13]} 27. Ra5 {[%emt 0:05:09]} Be6 {[%emt 0:00:20]} 28. Bd3 {[%emt 0:00:56]} Nd5 {[%emt 0:04:17]} 29. Ke1 {[%emt 0:03:09]} b6 {[%emt 0:02:28]} 30. Ra3 {[%emt 0:01:46]} Nb4 {[%emt 0:00:52]} 31. Be4 {[%emt 0:00:04]} Bd5 {[%emt 0:02:15]} 32. Bxd5 {[%emt 0:00:28]} Nxd5 {[%emt 0:02:02]} 33. Rxb3 {[%emt 0:00:06]} a5 {[%emt 0:00:20]} 34. Kd2 {[%emt 0:00:35]} Rd8 {[%emt 0:00:43]} 35. Kc2 {[%emt 0:00:44]} Nb4+ {[%emt 0:00:40]} 36. Kc3 {[%emt 0:01:09]} b5 {[%emt 0:02:22]} 37. Rf1 {[%emt 0:01:12]} Rd3+ {[%emt 0:01:14]} 38. Kb2 {[%emt 0:00:04]} Rd2+ {[%emt 0:01:43]} 1/2-1/2

[Event "43rd Guernsey Festival 2017"]
[Site "Vale"]
[Date "2017.10.19"]
[Round "5"]
[White "Finch, Russell"]
[Black "Glover, John"]
[Result "1/2-1/2"]
[WhiteElo "1689"]
[BlackElo "1765"]
[Annotator "NA RC"]
[PlyCount "99"]
[EventDate "2017.??.??"]
[EventType "swiss"]
[EventCountry "GCI"]
[SourceTitle "playchess.com"]
[Source "ChessBase"]
[SourceQuality "1"]
[TimeControl "40/6000+30:2400+30"]

1. d4 {[%emt 0:00:00]} Nf6 {[%emt 0:00:10]} 2. c4 {[%emt 0:00:00]} c5 {[%emt 0:00:13]} 3. d5 {[%emt 0:00:08]} b5 {[%emt 0:00:08]} 4. a4 {[%emt 0:00:56]} b4 {[%emt 0:03:13]} 5. g3 {[%emt 0:02:14]} g6 {[%emt 0:01:22]} 6. Bg2 {[%emt 0:00:43]} d6 {[%emt 0:00:36]} 7. b3 {[%emt 0:02:49]} Bg7 {[%emt 0:00:18]} 8. Bb2 {[%emt 0:00:12]} a5 {[%emt 0:01:11]} 9. Nd2 {[%emt 0:00:30]} O-O {[%emt 0:01:27]} 10. Qc2 {[%emt 0:01:21]} Ra7 {[%emt 0:00:42]} 11. Ngf3 {[%emt 0:07:23]} Nbd7 {[%emt 0:00:59]} 12. O-O {[%emt 0:01:01]} Re8 {[%emt 0:05:23]} 13. Rfe1 {[%emt 0:03:04]} Nf8 {[%emt 0:05:55]} 14. e4 {[%emt 0:02:11]} e5 {[%emt 0:03:07]} 15. Nh4 {[%emt 0:07:16]} Nh5 {[%emt 0:06:31]} 16. Bf3 {[%emt 0:07:45]} Nf6 {[%emt 0:01:29]} 17. Qd1 {[%emt 0:03:23]} h6 {[%emt 0:02:24]} 18. Nf1 {[%emt 0:01:51]} N6h7 {[%emt 0:05:19]} 19. Bg4 {[%emt 0:05:03]} Nf6 {[%emt 0:10:50]} 20. Bxc8 {[%emt 0:03:18]} Qxc8 {[%emt 0:00:09]} 21. Qf3 {[%emt 0:00:51]} Qg4 {[%emt 0:03:09]} 22. Qxg4 {[%emt 0:00:32]} Nxg4 {[%emt 0:00:08]} 23. f3 {[%emt 0:02:32]} Nf6 {[%emt 0:00:55]} 24. Ne3 {[%emt 0:02:07]} Kh7 {[%emt 0:06:47]} 25. Bc1 {[%emt 0:02:38]} Nh5 {[%emt 0:02:25]} 26. Ra2 {[%emt 0:04:52]} Bf6 {[%emt 0:01:19]} 27. Nhg2 {[%emt 0:03:57]} Bd8 {[%emt 0:03:01]} 28. Ng4 {[%emt 0:03:40]} g5 {[%emt 0:04:57]} 29. N2e3 {[%emt 0:05:39]} Ng7 {[%emt 0:01:11]} 30. Kg2 {[%emt 0:06:29]} f6 {[%emt 0:01:04]} 31. Rh1 {[%emt 0:00:32]} Rf7 {[%emt 0:02:03]} 32. h4 {[%emt 0:02:15]} h5 {[%emt 0:14:04]} 33. hxg5 {[%emt 0:10:36]} Kg6 {[%emt 0:03:23]} 34. Nf5 {[%emt 0:05:10]} Nxf5 35. exf5+ Kxf5 {[%emt 0:03:14]} 36. Nh6+ {[%emt 0:00:42]} Kg6 {[%emt 0:00:33]} 37. Nxf7 {[%emt 0:00:20]} Kxf7 38. Rxh5 fxg5 {[%emt 0:03:01]} 39. Re2 {[%emt 0:04:50]} Kg6 {[%emt 0:01:14]} 40. g4 {[%emt 0:00:28]} Bf6 {[%emt 0:41:40]} 41. Kg3 {[%emt 0:43:12]} Re7 {[%emt 0:00:44]} 42. Kf2 {[%emt 0:02:27]} Rh7 {[%emt 0:00:20]} 43. Rxh7 {[%emt 0:00:22]} Nxh7 {[%emt 0:00:10]} 44. Kg3 {[%emt 0:01:30]} Nf8 {[%emt 0:01:17]} 45. Rh2 {[%emt 0:01:35]} Nh7 {[%emt 0:04:17]} 46. Rh5 {[%emt 0:00:21]} Nf8 {[%emt 0:00:26]} 47. Kf2 {[%emt 0:00:16]} Nh7 {[%emt 0:00:49]} 48. Ke3 {[%emt 0:00:09]} Nf8 {[%emt 0:00:52]} 49. Ke4 {[%emt 0:00:07]} Nh7 {[%emt 0:00:47]} 50. Rxh7 {[%emt 0:00:43]} 1/2-1/2

[Event "43rd Guernsey Festival 2017"]
[Site "Vale"]
[Date "2017.10.20"]
[Round "6"]
[White "Hillarp Persson, Tiger"]
[Black "Jackson, Oliver A"]
[Result "1-0"]
[WhiteElo "2517"]
[BlackElo "2168"]
[Annotator "TA"]
[PlyCount "67"]
[EventDate "2017.??.??"]
[EventType "swiss"]
[EventCountry "GCI"]
[SourceTitle "playchess.com"]
[Source "ChessBase"]
[SourceQuality "1"]

{[%evp 9,67,37,49,39,28,16,20,22,15,-3,98,102,130,-15,-22,-11,-18,-17,-9,-9,0,0,-5,0,0,0,10,-4,0,0,0,0,0,-8,72,64,62,47,62,22,41,0,0,0,27,10,17,0,100,102,110,107,765,749,1030,981,6618,2979,29988,29989]} 1. c4 e5 2. Nc3 Nc6 3. g3 f5 4. Nf3 Nf6 (4... d6 5. d4 e4 6. d5 Ne5 7. Nxe5 dxe5 8. g4 g6 9. gxf5 gxf5 10. Rg1 Nf6 11. Bg5 Be7 12. e3 Rg8 {1-0 (27) Aronian,L (2793)-Ivanchuk,V (2738) Leuven 2017}) 5. d4 e4 6. Nh4 {A27: English Opening: Three Knights Variation} d6 7. f3 Be7 8. Bh3 {The position is equal.} exf3 $146 ({Predecessor:} 8... g6 9. Bh6 Nh5 10. Ng2 exf3 11. exf3 Bf6 12. Qd3 {1-0 (51) Watson,B (2275)-Runcan,D (1915) Auckland 2013}) 9. exf3 f4 (9... O-O $11) 10. Bxc8 $1 $16 Qxc8 {[#]} 11. Bxf4 ({White has to play} 11. d5 $1 $16) 11... Qe6+ $11 12. Qe2 Nxd4 13. Qxe6 Nxe6 14. Ng2 Kd7 15. Be3 b6 16. O-O-O Rae8 17. Rhe1 $36 {[%mdl 2048] Black is under pressure.} Rhf8 18. Kc2 g5 19. b4 {[%cal Bb2b4,Bb4b5][%mdl 32]} Nh5 20. Rf1 Rf7 21. c5 Kc6 (21... Ref8 $11 {keeps the balance.}) 22. b5+ $16 Kb7 23. c6+ Kb8 24. a4 Ref8 25. Ne1 Nhg7 26. Nd5 Nf5 27. Bg1 Bf6 28. Kb3 Bd4 {[#]} (28... Ne7 $11) 29. Bxd4 $1 Nfxd4+ 30. Kc4 Nxf3 $2 {[%mdl 8192]} (30... Nf5 $16) 31. Rxf3 $18 Rxf3 32. Nxf3 Rxf3 33. Re1 a5 34. Rxe6 {Precision: White = 62%, Black = 40%.} 1-0